Estadísticas básicas sobre la investigación en las instituciones de Educación Superior Universitaria Estatal de Costa Rica /
Kaydedildi:
| Müşterek Yazar: | |
|---|---|
| Materyal Türü: | Kitap |
| Dil: | Spanish |
| Baskı/Yayın Bilgisi: |
Costa Rica :
CONARE,
2004
|
| Konular: | |
| Etiketler: |
Etiketle
Etiket eklenmemiş, İlk siz ekleyin!
|
MARC
| LEADER | 00000nam a2200000Ia 4500 | ||
|---|---|---|---|
| 008 | 150729b2004 c ||||| |||| 00| | spa d | ||
| 022 | |a 1409-3006 | ||
| 090 | |a 06.03.06 |b 169 | ||
| 110 | 2 | |9 44 |a Consejo Nacional de Rectores. Oficina de Planificación de la Educación Superior | |
| 245 | 1 | 0 | |a Estadísticas básicas sobre la investigación en las instituciones de Educación Superior Universitaria Estatal de Costa Rica / |c Consejo Nacional de Rectores. Oficina de Planificación de la Educación Superior |
| 260 | |a Costa Rica : |b CONARE, |c 2004 | ||
| 300 | |a 195 páginas | ||
| 650 | 1 | 4 | |9 8 |a EDUCACIÓN SUPERIOR |
| 650 | 1 | 4 | |a ESTADÍSTICA |9 549 |
| 650 | 1 | 4 | |a INVESTIGACIÓN |9 163 |
| 651 | 4 | |a COSTA RICA |9 47 | |
| 942 | |i 002014 |h 06.03.06 169 |2 z |c 01 | ||
| 999 | |c 122 |d 122 | ||
